| 000 | 00852cab a2200169 4500 | ||
|---|---|---|---|
| 001 | ##L131238 | ||
| 008 | 050727n2005 000 0 eng u | ||
| 035 | _a(Sirsi) u131238 | ||
| 041 | 0 | _aeng | |
| 245 | 0 | 0 | _aDatabank - development |
| 260 | _c2005 | ||
| 490 | 0 |
_aProperty Week _v70(40) 7 October 2005, 56(1) |
|
| 520 | _aSavills' research on the supply of brownfield land for housebuilding. Argues that ODPM figures for the amount of brownfield land that is available for housebuilding are over optimistic and that Savills' estimates of the land available full below those of the ODPM. Savills' figures represent less than half of ODPM estimates, and equal five years' supply at the current construction rates. Graphs. | ||
| 590 | _aIKA251005 | ||
| 690 | _aENVIRONMENTAL AND LAND CONSULTANCY-SUSTAINABILITY-SUSTAINABLE DEVELOPMENT | ||
| 942 | _n0 | ||
| 999 |
_c104695 _d104695 |
||